<?xml version="1.0" encoding="UTF-8"?>
<record
    xmlns:xsi="http://www.w3.org/2001/XMLSchema-instance"
    xsi:schemaLocation="http://www.loc.gov/MARC21/slim http://www.loc.gov/standards/marcxml/schema/MARC21slim.xsd"
    xmlns="http://www.loc.gov/MARC21/slim">

  <leader>01203nam a22002537a 4500</leader>
  <controlfield tag="005">20100826122442.0</controlfield>
  <controlfield tag="008">090109t        xxu||||| |||| 00| 0urd d</controlfield>
  <datafield tag="010" ind1=" " ind2=" ">
    <subfield code="a">UR-7990</subfield>
  </datafield>
  <datafield tag="020" ind1=" " ind2=" ">
    <subfield code="c">250.00</subfield>
  </datafield>
  <datafield tag="035" ind1=" " ind2=" ">
    <subfield code="a">U-6545</subfield>
  </datafield>
  <datafield tag="037" ind1=" " ind2=" ">
    <subfield code="b">DBAD/PUB</subfield>
  </datafield>
  <datafield tag="040" ind1=" " ind2=" ">
    <subfield code="a">DPL</subfield>
    <subfield code="b">urdu</subfield>
  </datafield>
  <datafield tag="082" ind1=" " ind2=" ">
    <subfield code="a">840.8</subfield>
  </datafield>
  <datafield tag="100" ind1=" " ind2=" ">
    <subfield code="9">12785</subfield>
    <subfield code="a">&#x645;&#x631; &#x62A;&#x628;&#x6CC;&#x646; &#x62E;&#x648; &#x627; &#x62C;&#x6C1; &#x645;&#x62D;&#x645;&#x62F; &#x634;&#x627; &#x6C1;&#x62F; &#x627; &#x648; &#x631; &#x648; &#x6C1;&#x627; &#x62C; &#x627;&#x644;&#x62F;&#x6CC;&#x646; &#x639;&#x644;&#x648; &#x6CC;   </subfield>
  </datafield>
  <datafield tag="245" ind1=" " ind2=" ">
    <subfield code="a">&#x633;&#x631; &#x62F; &#x627; &#x631; &#x62C;&#x639;&#x641;&#x631;&#x6CC; &#x627; &#x648; &#x631; &#x627; &#x62F; &#x628; &#x6A9;&#x6CC; &#x633;&#x645;&#x627; &#x62D;&#x6CC; &#x645;&#x639;&#x646;&#x648; &#x6CC;&#x62A; /</subfield>
    <subfield code="b"> </subfield>
    <subfield code="c">&#x645;&#x631; &#x62A;&#x628;&#x6CC;&#x646; &#x62E;&#x648; &#x627; &#x62C;&#x6C1; &#x645;&#x62D;&#x645;&#x62F; &#x634;&#x627; &#x6C1;&#x62F; &#x627; &#x648; &#x631; &#x648; &#x6C1;&#x627; &#x62C; &#x627;&#x644;&#x62F;&#x6CC;&#x646; &#x639;&#x644;&#x648; &#x6CC; </subfield>
  </datafield>
  <datafield tag="246" ind1=" " ind2=" ">
    <subfield code="a">Sardar Jafri Aur Adab Ki Samaji Manviat</subfield>
    <subfield code="b">Compiled by Khawaja Mohammad Shahid </subfield>
  </datafield>
  <datafield tag="260" ind1=" " ind2=" ">
    <subfield code="a">&#x62F; &#x6C1;&#x644;&#x6CC;</subfield>
    <subfield code="c">2009 </subfield>
    <subfield code="b">&#x645;&#x6A9;&#x62A;&#x628;&#x6C1; &#x62C;&#x627; &#x645;&#x639;&#x6C1; &#x644;&#x645;&#x6CC;&#x679;&#x6CC;&#x688;</subfield>
  </datafield>
  <datafield tag="270" ind1=" " ind2=" ">
    <subfield code="a"> Pataudi House, Darya Ganj , New Delhi</subfield>
    <subfield code="b">Delhi</subfield>
    <subfield code="e">110002</subfield>
  </datafield>
  <datafield tag="300" ind1=" " ind2=" ">
    <subfield code="a">276 &#x635;</subfield>
    <subfield code="c">22 &#x633; &#x645; (Hb)</subfield>
  </datafield>
  <datafield tag="650" ind1=" " ind2=" ">
    <subfield code="9">12786</subfield>
  </datafield>
  <datafield tag="700" ind1=" " ind2=" ">
    <subfield code="a">&#x645;&#x631; &#x62A;&#x628;&#x6CC;&#x646; &#x62E;&#x648; &#x627; &#x62C;&#x6C1; &#x645;&#x62D;&#x645;&#x62F; &#x634;&#x627; &#x6C1;&#x62F; &#x627; &#x648; &#x631; &#x648; &#x6C1;&#x627; &#x62C; &#x627;&#x644;&#x62F;&#x6CC;&#x646; &#x639;&#x644;&#x648; &#x6CC; </subfield>
    <subfield code="9">54088</subfield>
  </datafield>
  <datafield tag="942" ind1=" " ind2=" ">
    <subfield code="2">ddc</subfield>
    <subfield code="c">UR</subfield>
    <subfield code="h">840.8</subfield>
    <subfield code="m">&#x62E; &#x648; &#x627; </subfield>
  </datafield>
  <datafield tag="999" ind1=" " ind2=" ">
    <subfield code="c">71886</subfield>
    <subfield code="d">71886</subfield>
  </datafield>
  <datafield tag="952" ind1=" " ind2=" ">
    <subfield code="0">0</subfield>
    <subfield code="1">0</subfield>
    <subfield code="2">ddc</subfield>
    <subfield code="4">0</subfield>
    <subfield code="7">0</subfield>
    <subfield code="8">NFIC</subfield>
    <subfield code="a">DBAD</subfield>
    <subfield code="b">DBAD</subfield>
    <subfield code="d">2012-12-06</subfield>
    <subfield code="g">250.00</subfield>
    <subfield code="l">0</subfield>
    <subfield code="o">840.8 &#x62E; &#x648; &#x627;</subfield>
    <subfield code="p">U-6545</subfield>
    <subfield code="r">2012-12-06 00:00:00</subfield>
    <subfield code="t">1</subfield>
    <subfield code="v">250.00</subfield>
    <subfield code="y">UR</subfield>
  </datafield>
</record>
